Random Letterboxd Top 250 Films with Most Fans by Poster - Statistics

General Stats
  • This quiz has been taken 125 times
  • The average score is 10 of 16
Answer Stats
Picture Answer % Correct
(500) Days of Summer
100%
About Time
100%
Alice in Wonderland
100%
Alien
100%
Amelie
100%
American Psycho
100%
Avatar
100%
Avengers: Infinity War
100%
Bones and All
100%
Catch Me If You Can
100%
Cinema Paradiso
100%
Coco
100%
Coraline
100%
Corpse Bride
100%
Dead Poets Society
100%
Donnie Darko
100%
Dune
100%
Ferris Bueller's Day Off
100%
Forrest Gump
100%
Gladiator
100%
Goodfellas
100%
Harry Potter and the Goblet of Fire
100%
Hereditary
100%
Hot Fuzz
100%
Inception
100%
Interstellar
100%
Jaws
100%
Jojo Rabbit
100%
Jurassic Park
100%
Kill Bill
100%
Lady Bird
100%
La La Land
100%
Life is Beautiful
100%
Memento
100%
Midsommar
100%
Once Upon a Time in Hollywood
100%
Oppenheimer
100%
Pulp Fiction
100%
Requiem for a Dream
100%
Scarface
100%
Scream
100%
Se7en
100%
Shrek
100%
Shutter Island
100%
Singin' in the Rain
100%
Spider-man: Across the Spider-verse
100%
Spider-man: Into the Spider-verse
100%
Spider-man: No Way Home
100%
Spirited Away
100%
Star Wars
100%
Superbad
100%
The Amazing Spider-man
100%
The Dark Knight
100%
The Devil Wears Prada
100%
The Godfather
100%
The Godfather Part II
100%
The Good, the Bad and the Ugly
100%
The Grand Budapest Hotel
100%
The Green Mile
100%
The Hunger Games
100%
The Lion King
100%
The Matrix
100%
The Nightmare Before Christmas
100%
The Perks of Being a Wallflower
100%
The Pianist
100%
The Royal Tenenbaums
100%
The Truman Show
100%
The Wolf of Wall Street
100%
Titanic
100%
Top Gun: Maverick
100%
Wall-E
100%
When Harry Met Sally...
100%
Whiplash
100%
Wicked
100%
Mamma Mia!
88%
Dune: Part Two
86%
Good Will Hunting
86%
Barbie
83%
Black Swan
83%
Fight Club
83%
IT
83%
Jennifer's Body
83%
Schindler's List
83%
The Batman
83%
Amadeus
80%
Avengers: Endgame
80%
Call Me By Your Name
80%
Cars
80%
Knives Out
80%
Monster
80%
Shrek 2
80%
Sinners
80%
The Breakfast Club
80%
The Notebook
80%
The Social Network
80%
Arrival
75%
Brokeback Mountain
75%
Django Unchained
75%
Heat
75%
Her
75%
Mean Girls
75%
Me Before You
75%
Parasite
75%
Taxi Driver
75%
The Parent Trap
75%
The Princess Bride
75%
The Worst Person in the World
75%
Trainspotting
75%
No Country for Old Men
71%
Superman
71%
Back to the Future
67%
Casablanca
67%
Edward Scissorhands
67%
Frankenstein
67%
Gone Girl
67%
Howl's Moving Castle
67%
Lost in Translation
67%
LOTR: The Two Towers
67%
Neon Genesis Evangelion: The End of Evangelion
67%
Oldboy
67%
Paris, Texas
67%
Ratatouille
67%
Scott Pilgrim vs. the World
67%
Soul
67%
Tangled
67%
The Lego Batman Movie
67%
The Rocky Horror Picture Show
67%
The Shining
67%
The Sound of Music
67%
The Virgin Suicides
67%
Uptown Girls
67%
Moulin Rouge!
63%
2001: A Space Odyssey
60%
A Clockwork Orange
60%
Baby Driver
60%
Babylon
60%
Blade Runner
60%
Challengers
60%
Fallen Angels
60%
Get Out
60%
Halloween
60%
In the Mood for Love
60%
La Haine
60%
Moonlight
60%
The Big Lebowski
60%
The Holdovers
60%
The Maze Runner
60%
There Will Be Blood
60%
Twilight
60%
Blade Runner 2049
57%
Drive
57%
Frances Ha
57%
Handmaiden
57%
Ponyo
57%
The Hunger Games: Catching Fire
57%
13 Going on 30
50%
Akira
50%
Almost Famous
50%
Atonement
50%
Avatar: The Way of Water
50%
Beautiful Boy
50%
Bottoms
50%
City of God
50%
Fantastic Mr. Fox
50%
Girl, Interrupted
50%
Grave of the Fireflies
50%
How to Lose a Guy in 10 Days
50%
How to Train your Dragon
50%
Inglourious Basterds
50%
Juno
50%
Labyrinth
50%
Legally Blonde
50%
Leon: The Professional
50%
Little Women
50%
LOTR: The Fellowship of the Ring
50%
Manchester by the Sea
50%
Memories of Murder
50%
Moonrise Kingdom
50%
Mulholland Drive
50%
Portrait of a Lady on Fire
50%
Pride & Prejudice
50%
Stalker
50%
Stand by Me
50%
The Conjuring
50%
The Empire Strikes Back
50%
The Greatest Showman
50%
The Secret Life of Walter Mitty
50%
The Silence of the Lambs
50%
The Thing
50%
Y Tu Mama Tambien
50%
Perfect Blue
44%
Kiki's Delivery Service
43%
Before Sunrise
40%
Carol
40%
Little Miss Sunshine
40%
Mad Max: Fury Road
40%
Phantom Thread
40%
Pitch Perfect
40%
Princess Mononoke
40%
Prisoners
40%
Spider-man 2
40%
12 Angry Men
33%
Aftersun
33%
Chungking Express
33%
Dirty Dancing
33%
Eternal Sunshine of the Spotless Mind
33%
Heathers
33%
Isle of Dogs
33%
Pan's Labyrinth
33%
Poor Things
33%
The Substance
33%
The Witch
33%
Notting Hill
30%
Mysterious Skin
29%
The Lighthouse
29%
10 Things I Hate About You
25%
Apocalypse Now
25%
A Silent Voice
25%
Clueless
25%
Harry Potter and the Prisoner of Azkaban
25%
Revenge of the Sith
25%
The Florida Project
25%
The Prestige
25%
To All the Boys I've Loved Before
25%
White Chicks
25%
Your Name
25%
Dazed and Confused
20%
LOTR: The Return of the King
20%
My Neighbour Totoro
20%
All About Lily Chou-Chou
0%
Before Sunset
0%
Blue Velvet
0%
But I'm a Cheerleader
0%
Children of Men
0%
Everything Everywhere All at Once
0%
Eyes Wide Shut
0%
Hacksaw Ridge
0%
I Saw the TV Glow
0%
It's a Wonderful Life
0%
Joker
0%
mid90s
0%
One Flew Over the Cuckoo's Nest
0%
Past Lives
0%
Pearl
0%
Perfect Days
0%
Saw
0%
The Departed
0%
The Shawshank Redemption
0%
Twin Peaks: Fire Walk with Me
0%
Waves
0%
No matching quizzes found
Score Distribution
Percent of People with Each Score
Percentile by Number Answered
Your Score History
You have not taken this quiz